Statistics for Spanish Adjectives

Click here to take the quiz!

General Stats

  • This quiz has been taken 7 times
  • The average score is 13 of 18

Answer Stats

HintAnswer% Correct
inteligenteintelligent
100%
alto (a)tall
100%
guapo (a)handsome
83%
impacienteimpatient
83%
viejo (a)old
83%
pacientepatient
83%
reservado (a)reserved, cautious
83%
serio (a)serious
83%
bajo (a)short
83%
sociablesociable
83%
joven (jóvenes)young
83%
desordenado (a)disorganized
67%
gracioso (a)funny
67%
ordenado (a)organized
67%
estudioso (a)studious
67%
deportistaathletic, sports-minded
50%
atrevido (a)daring
33%
trabajador (a)hard-working
33%

Score Distribution

Percentile by Number Answered

Percent of People with Each Score

Your Score History

You have not taken this quiz